Längste Flüsse Europas - Statistiken

Allgemein
  • Dieses Quiz wurde 148 mal gespielt
  • Das Durchschnittsergebnis liegt bei 9 aus 20
Antwortstatistiken
Hint Antwort % Korrekt
1.870 km Don
100%
2.811 km Donau
99%
1.233 km Rhein
98%
1.094 km Elbe
91%
3.530 km Wolga
90%
866 km Oder
70%
812 km Rhone
56%
1.004 km Loire
52%
1.047 km Weichsel
49%
2.285 km Dnepr
48%
910 km Ebro
47%
1.007 km Tajo
34%
874 km Maas
25%
2.428 km Ural
21%
1.352 km Dnister
16%
897 km Duero
15%
937 km Memel
15%
857 km Südlicher Bug
5%
1.802 km Petschora
4%
1.020 km Düna
3%
Keine übereinstimmenden Quizze gefunden
Verteilung der Resultate
Anzahl Personen mit jedem Resultat
Perzentil nach korrekt beantworteten Fragen
Ihre Resultats-Entwicklung
Sie haben dieses Quiz noch nicht gespielt